Κρυγέρου περί των διαλέκτων της αρχαίας ελληνικής γλώσσης, και ιδίως της επικής και ιωνικής
Αποθηκεύτηκε σε:
| Κύριος συγγραφέας: | |
|---|---|
| Άλλοι συγγραφείς: | |
| Μορφή: | Βιβλίο |
| Γλώσσα: | Greek German |
| Δημοσίευση: |
Αθήνησι :
Τύποις Χ. Νικολαΐδου Φιλαδελφέως,
1856.
|
| Θέματα: | |
| Ετικέτες: |
Προσθήκη ετικέτας
Δεν υπάρχουν, Καταχωρήστε ετικέτα πρώτοι!
|
MARC
| LEADER | 00000cam a2200000 i 4500 | ||
|---|---|---|---|
| 001 | 1/67535 | ||
| 008 | 150219s1856 gr | ||| |||| ||gre|| | ||
| 035 | |l 10121186 | ||
| 040 | |a GR-MyUa |b gre |e AACR2 | ||
| 041 | 0 | |a gre |h ger | |
| 082 | 7 | |a 487 |2 (23) | |
| 100 | 1 | |a Krüger, K. W. |q (Karl Wilhelm), |d 1796-1874. | |
| 245 | 1 | 0 | |a Κρυγέρου περί των διαλέκτων της αρχαίας ελληνικής γλώσσης, και ιδίως της επικής και ιωνικής / |c μεταφρασθέν εκ της γερμανικής κατά την νεωτάτην τρίτην έκδοσιν υπό Α.Γ. Κωστοπούλου. |
| 260 | |a Αθήνησι : |b Τύποις Χ. Νικολαΐδου Φιλαδελφέως, |c 1856. | ||
| 300 | |a ιη', 213 σ. : |b πίν. ; |c 21 εκ. | ||
| 500 | |a Στο recto σφραγίδα "Πορφυριάς Αστική Σχολή Καρλοβασίων" με αρ. 497. | ||
| 505 | 8 | |a Τ. 1. Ετυμολογικόν. | |
| 650 | 0 | 0 | |a Greek language |x Dialects. |
| 650 | 0 | 0 | |a Greek language |x Etymology. |
| 700 | 1 | |a Κωστόπουλος, Αθανάσιος Γ. |e trl | |
| 852 | |a INST |b SAMOS |c PORFYRIADA |e 20150219 |h 487 KRU |p 005300041552 |q 005300041552 |t NOLOAN |y 23 | ||
| 901 | |a BIBL3-2015-1 | ||
| 970 | |a ΣΙΤΖΙΜΗ |b ΓΙΑΣΕΜΗ |z 2015/02/19 | ||